A Directory of UMTA-funded rural and specialized transit systems : final report /

Bibliographic Details
Corporate Authors: Community Transportation Association of America, United States. Urban Mass Transportation Administration. Office of Technical Assistance and Safety
Format: Government Document Book
Language:English
Published: Washington, D.C. : The Office : [1990]
Subjects:

MARC

Tag First Indicator Second Indicator Subfields
LEADER 00000cam a2200000 a 4500
001 in00000926890
005 20150924202331.0
008 900418s1990 dcu r f00000 eng d
010 |a gp 90015356  
035 |a (OCoLC)21390201 
035 |9 AEQ8794AM 
040 |a CBT  |c CBT  |d GPO  |d UtOrBLW 
043 |a n-us--- 
074 |a 0982-I-15 
086 0 |a TD 1.20/10:90-05  |z TD 7.19:90-05 
088 |a DOT-T-90-05 
090 |a HE316.U6  |b D58 1990 
245 0 2 |a A Directory of UMTA-funded rural and specialized transit systems :  |b final report /  |c prepared by Community Transportation Association of America ; prepared for Office of Technical Assistance and Safety, Urban Mass Transportation Administration, U.S. Department of Transportation. 
264 1 |a Washington, D.C. :  |b The Office :  |c [1990] 
264 2 |a Washington, D.C. :  |b Distributed in cooperation with Technology Sharing Program, Research and Special Programs Administration, U.S. Dept. of Transportation, 
300 |a iii, 362 pages ;  |c 28 cm. 
336 |a text  |b txt  |2 rdacontent 
337 |a unmediated  |b n  |2 rdamedia 
338 |a volume  |b nc  |2 rdacarrier 
500 |a "Rural Transit Assistance Program"--Cover. 
500 |a Shipping list number: 90-257-P. 
500 |a "December 1989." 
500 |a "DOT-T-90-05." 
650 0 |a Rural transit  |z United States  |x Directories. 
650 0 |a Paratransit services  |z United States  |x Directories. 
710 2 |a Community Transportation Association of America. 
710 1 |a United States.  |b Urban Mass Transportation Administration.  |b Office of Technical Assistance and Safety. 
740 1 |a Directory of UMTA funded rural and specialized transit systems. 
999 |a MARS 
999 f f |s 3321add3-1096-3e48-8c74-ee46e9b272a6  |i 8be44d4d-4dc5-3c04-b29e-1293c7171db0  |t 0 
952 f f |p normal  |a Texas A&M University  |b College Station  |c Sterling C. Evans Library  |d Evans: US Documents (Annex 5th floor)  |t 0  |e TD 1.20/10:90-05  |h Superintendent of Documents classification  |i unmediated -- volume  |m A14815766642 
998 f f |a TD 1.20/10:90-05  |t 0  |l Evans: US Documents (Annex 5th floor)